La medición del mundo : (Record no. 192985)

MARC details
000 -LEADER
campo de control de longitud fija 01794nam a2200385 i 4500
001 - NÚMERO DE CONTROL
campo de control 192985
003 - IDENTIFICADOR DE NÚMERO DE CONTROL
campo de control SpMaBN
005 - FECHA Y HORA DE LA ÚLTIMA TRANSACCIÓN
campo de control 20250819053540.0
007 - CAMPO FIJO DE DESCRIPCIÓN FÍSICA--INFORMACIÓN GENERAL
campo de control de longitud fija ta
008 - DATOS DE LONGITUD FIJA--INFORMACIÓN GENERAL
campo de control de longitud fija 230714s2006 sp | ||| ||spa
017 ## - NÚMERO DE COPYRIGHT O DE DEPÓSITO LEGAL
Número de copyright o de depósito legal M 40324-2006
Agencia que asigna Oficina Depósito Legal Madrid
020 ## - NÚMERO INTERNACIONAL ESTÁNDAR DEL LIBRO
Número Internacional Estándar del Libro 8496231976
035 ## - NÚMERO DE CONTROL DEL SISTEMA
Número de control de sistema (OCoLC)77559479
035 ## - NÚMERO DE CONTROL DEL SISTEMA
Número de control de sistema bimo0002153211
040 ## - FUENTE DE CATALOGACIÓN
Lengua de catalogación spa
Centro/agencia transcriptor Es-MaACL
Normas de descripción rdc
080 ## - NÚMERO DE LA CLASIFICACIÓN DECIMAL UNIVERSAL
Número de la Clasificación Decimal Universal 821.112.2-31"19"
100 1# - ENTRADA PRINCIPAL--NOMBRE DE PERSONA
Nombre de persona Kehlmann, Daniel,
Fechas asociadas al nombre 1975-
Número de control del registro de autoridad o número normalizado XX1729064
9 (RLIN) 233729
Término indicativo de función/relación Autor
245 13 - MENCIÓN DEL TÍTULO
Título La medición del mundo :
Resto del título un fascinante encuentro entre la literatura y la ciencia /
Mención de responsabilidad, etc. Daniel Kehlmann ; traducción, Rosa Pilar Blanco.
260 ## - PUBLICACIÓN, DISTRIBUCIÓN, ETC.
Lugar de publicación, distribución, etc. Madrid :
Nombre del editor, distribuidor, etc. Maeva,
Fecha de publicación, distribución, etc. [2006]
300 ## - DESCRIPCIÓN FÍSICA
Extensión 220 páginas ;
Dimensiones 25 cm
336 ## - TIPO DE CONTENIDO
Fuente rdacontent
Término de tipo de contenido Texto
337 ## - TIPO DE MEDIO
Fuente rdamedia
Nombre/término del tipo de medio sin mediación
338 ## - TIPO DE SOPORTE
Fuente rdacarrier
Nombre/término del tipo de soporte volumen
500 ## - NOTA GENERAL
Nota general Índice
520 ## - RESUMEN, ETC.
Sumario, etc. Una historia llena de fina ironía centrada en dos personajes extraordinarios: Alexander von Humboldt, naturista, explorador y aventurero, y Carl Friedrich Gauss, matemático y astrónomo. Cuando se reencuentran en Berlín en 1828, recuerdan sus años de juventud, que dedicaron a la descomunal empresa de medir el mundo y, entretanto, a vivir mil y una aventuras. El autor nos los muestra en todas sus facetas y consigue una perspectiva humana inédita de estos dos grandes nombres de la historia
534 ## - NOTA SOBRE LA VERSIÓN ORIGINAL
Frase introductoria Traducción de: Die Vermessung der Welt
650 #7 - PUNTO DE ACCESO ADICIONAL DE MATERIA--TÉRMINO DE MATERIA
Término de materia o nombre geográfico como elemento de entrada Literatura y ciencia
Fuente del encabezamiento o término
9 (RLIN) 14673
655 #7 - TERMINO DE INDIZACIÓN--GENERO/FORMA
Fuente del término tgfbne
9 (RLIN) 234409
Datos o término principal de género/forma Novelas biográficas
700 1# - ENTRADA AGREGADA--NOMBRE PERSONAL
9 (RLIN) 29205
Nombre de persona Blanco, Rosa Pilar
Término indicativo de función/relación Traductor
852 ## - LOCALIZACIÓN
Ubicación ES-MaACL
Sublocalización o colección R. 152696
Ubicación en estantería Depósito J
Donativo/Legado Donación: Editorial
Número de control de estantería N-8500
Encuadernación Cartoné
itemnumber 200288
942 ## - ELEMENTOS DE ENTRADA SECUNDARIOS (KOHA)
Suprimir en OPAC No
Tipo de ítem Koha Libro impreso
Holdings
Estatus retirado Estado de pérdida Fuente del sistema de clasificación o colocación Estado de daño No para préstamo Biblioteca de origen Biblioteca actual Ubicación en estantería Fecha de adquisición Fuente de adquisición Total de préstamos Signatura topográfica completa Código de barras Visto por última vez Precio de reemplazo Tipo de ítem Koha
    Clasificación decimal universal     Biblioteca del Ateneo de Madrid Biblioteca del Ateneo de Madrid Depósito J 12/12/2019 Donación   N-8500 101205581 14/07/2023 14/07/2023 Libro impreso